00635 2200229 4500001002100000005001700021008004100038035002400079082000800103090001300111245007800124250001100202260002900213300002600242500002500268500003700293650001200330700002700342850001500369985000600384999001500390YOGYA-0209000002817020090227024215.0 ind  0010-020900000028170 a570 a570bPed aPEDOMAN Praktikum biologi umumcpenyusun Sri Sabanni Soemartono...[et.al] aCet. 2 aJakartabDjambatanc1984 a...Jilidbilusc21 cm aYang diterima jil. 3 aJudul asli : High School biology aBiologi aSumartono, Sri Sabanni aYOPDYOG(B) a1 a93P0046707